logo

Bir Sreshtho Munshi Abdur Rouf Library
Jhenaidah Cadet College

My life and fortunes / (Record no. 5792)

MARC details
000 -LEADER
fixed length control field 00654cam a2200229 a 4500
001 - CONTROL NUMBER
JCCL Control Number 5792
003 - CONTROL NUMBER IDENTIFIER
JCCL marc code BD - JCC
005 - DATE AND TIME OF LATEST TRANSACTION
control field 20180328173548.0
008 - FIXED-LENGTH DATA ELEMENTS--GENERAL INFORMATION
fixed length control field 860101s1964 enka 000 0aeng d
035 ## - SYSTEM CONTROL NUMBER
system control number (BD - JCC)5792
040 ## - CATALOGING SOURCE
Original cataloging agency KKU
Transcribing agency KKU
Modifying agency UKM
-- EQO
-- BD - JCC
041 ## - LANGUAGE CODE
Language code of Book eng
082 0# - DEWEY DECIMAL CLASSIFICATION NUMBER
Classification number 658.92233
DDC Edition number 18
Author mark and Year GET
090 ## - LOCALLY ASSIGNED LC-TYPE CALL NUMBER (OCLC); LOCAL CALL NUMBER (OCLC)
Classification number (OCLC) (R) ; Classification number, CALL (RLIN) (NR) HD9570.G4
Local cutter number (OCLC) ; Book number/undivided call number, CALL (RLIN) A3 1964
100 1# - MAIN ENTRY--PERSONAL NAME
Personal name Getty, J. Paul
Fuller form of name (Jean Paul),
Dates associated with a name 1892-1976.
245 10 - TITLE STATEMENT
Title My life and fortunes /
Statement of responsibility, etc J. Paul Getty.
260 ## - PUBLICATION, DISTRIBUTION, ETC. (IMPRINT)
Place of publication, distribution, etc London :
Name of publisher, distributor, etc George Allen & Unwin,
Date of publication, distribution, etc [1964]
300 ## - PHYSICAL DESCRIPTION
Pagination 321 p. :
Other physical details ill. ;
Dimensions 22 cm
650 #0 - SUBJECT ADDED ENTRY--TOPICAL TERM
Topical term or geographic name as entry element Petroleum industry and trade
Geographic subdivision United States.
942 ## - ADDED ENTRY ELEMENTS (KOHA)
Source of classification or shelving scheme Dewey Decimal Classification
Koha item type Books
Holdings
Source of classification or shelving scheme Damaged status Not for loan Home library Current library Shelving location Date of accession Total Checkouts Full call number Barcode Date last seen Copy number Koha item type
Dewey Decimal Classification     JCC Rouf Library JCC Rouf Library General Stacks 12/21/2017   658.92233 GET 7935 12/21/2017 C - 1 Books

JCC Library | Contacts | JCC Home

Last Update on 23 September 2017
Copyright @ 2017-2020 JCC Rouf Library
Rouf Library, Jhenidah Cadet College (JCC), Bangladesh